| 000 | 00751nam a2200217 i 4500 | ||
|---|---|---|---|
| 001 | 136775 | ||
| 003 | ES-MaACL | ||
| 005 | 20250815062640.0 | ||
| 007 | t| | ||
| 008 | 070214q1942 sp r ||||1| spa d | ||
| 100 | 1 |
_aSaisset, Émile, _d1814-1863 _9101616 |
|
| 245 | 1 | 0 |
_aDescartes, sus precursores y sus discípulos / _cpor E. Saisset ; traducción por Eduardo Ovejero. |
| 260 |
_aMadrid : _bLa España Moderna, _c[1942?] |
||
| 300 |
_a408 p. ; _c23 cm. |
||
| 490 | 1 | _aBiblioteca de jurisprudencia, filosofía e historia | |
| 600 | 1 | 4 |
_aDescartes, René, _d1596-1650 _943838 |
| 700 | 1 |
_aOvejero, Eduardo. _987995 |
|
| 830 | 0 | 0 |
_aBiblioteca de jurisprudencia, filosofía e historia _9180691 |
| 852 |
_aES-MaACL _jF-14844 |
||
| 999 |
_c136775 _d136775 |
||